[Event "Bhubaneswar SOA op 1st"]
[Site "Bhubaneswar"]
[Date "2024.02.03"]
[Round "9"]
[White "Parvathareddy, Ajay Santhosh"]
[Black "Roneet, Das"]
[Result "1-0"]
[WhiteElo "2204"]
[BlackElo "2018"]
[PlyCount "85"]
[EventDate "2024.01.28"]
[EventType "swiss"]
[EventRounds "10"]
[EventCountry "IND"]
[SourceTitle "CB06_2024"]
[SourceDate "2024.02.07"]
[SourceVersion "1"]
[SourceVersionDate "2024.02.07"]
[SourceQuality "1"]

1. Nf3 Nf6 2. d4 e6 3. e3 b6 4. b3 Bb7 5. Bb2 Be7 6. Be2 0-0 7. 0-0 c5 8. dxc5 bxc5 9. c4 d6 10. Nbd2 Nbd7 11. Qc2 Qc7 12. Rfd1 Rfe8 13. Nf1 Ne4 14. N3d2 Bf6 15. Bxf6 Nexf6 16. Bf3 d5 17. cxd5 exd5 18. g3 Rac8 19. Rac1 Qb6 20. Bg2 Ne5 21. Nf3 Ned7 22. N1d2 h6 23. Nb1 Ne4 24. Nfd2 Nxf2 25. Kxf2 d4 26. Nc4 Qf6+ 27. Kg1 Bxg2 28. Qxg2 Nf8 29. Rf1 Qg6 30. exd4 cxd4 31. Nbd2 Rcd8 32. Nf3 f6 33. Rfd1 d3 34. Rd2 Nd7 35. Nb2 Ne5 36. Rcd1 Qg4 37. Nxe5 Rxe5 38. h3 Qh5 39. g4 Qh4 40. Rxd3 Rxd3 41. Nxd3 Re3 42. Nf4 Rg3 43. Rd8+ 1-0

[Event "Bhubaneswar SOA op 1st"]
[Site "Bhubaneswar"]
[Date "2024.02.02"]
[Round "8"]
[White "Roneet, Das"]
[Black "Namitbir, Singh Walia"]
[Result "1/2-1/2"]
[WhiteElo "2018"]
[BlackElo "2408"]
[PlyCount "171"]
[EventDate "2024.01.28"]
[EventType "swiss"]
[EventRounds "10"]
[EventCountry "IND"]
[SourceTitle "CB06_2024"]
[SourceDate "2024.02.07"]
[SourceVersion "1"]
[SourceVersionDate "2024.02.07"]
[SourceQuality "1"]

1. d4 Nf6 2. Bf4 g6 3. Nc3 d5 4. e3 Bg7 5. h4 h5 6. Nf3 0-0 7. Ne5 c5 8. Qd2 cxd4 9. exd4 Nc6 10. Nxc6 bxc6 11. Be2 Bf5 12. f3 Qc8 13. Na4 Nd7 14. g4 hxg4 15. h5 gxf3 16. Bxf3 Nb6 17. Nxb6 axb6 18. Qh2 gxh5 19. Kd2 Bg6 20. Bxh5 Qf5 21. Bxg6 fxg6 22. Qh7+ Kf7 23. Be5 Qf2+ 24. Kc1 Rg8 25. b3 Kf8 26. Kb2 Bxe5 27. Raf1 Bxd4+ 28. Kb1 Qf6 29. Rxf6+ Bxf6 30. Qh3 Kf7 31. Re1 Rxa2 32. Kc1 Rh8 33. Qe6+ Kg7 34. Kd2 Rh2+ 35. Re2 Rxe2+ 36. Qxe2 Kf7 37. Qg4 e6 38. Qb4 Ra6 39. Qd6 c5 40. Qd7+ Be7 41. Qb7 Ra1 42. Qxb6 Rf1 43. Qc7 Rf2+ 44. Kd3 g5 45. c3 Rf3+ 46. Kd2 Rf4 47. Qe5 Re4 48. Qh8 g4 49. Qh7+ Ke8 50. Qg8+ Kd7 51. Kd3 c4+ 52. bxc4 Rxc4 53. Qb8 Bf6 54. Qa7+ Ke8 55. Qa8+ Kf7 56. Qa7+ Kg6 57. Qd7 Rxc3+ 58. Kd2 Rc4 59. Qxe6 Rd4+ 60. Kc2 Kg5 61. Qg8+ Kh4 62. Qe6 Bg5 63. Qe5 Rd2+ 64. Kc3 g3 65. Qh8+ Kg4 66. Qc8+ Kf3 67. Qf5+ Bf4 68. Qh5+ Ke3 69. Qe8+ Kf2 70. Qf7 Kf3 71. Qh5+ Kg2 72. Qf5 d4+ 73. Kc4 Be3 74. Qe4+ Kf2 75. Qf5+ Ke1 76. Qb1+ Rd1 77. Qe4 Ke2 78. Qg4+ Kd2 79. Qxg3 Rc1+ 80. Kd5 d3 81. Qh2+ Kc3 82. Qe5+ Kd2 83. Qh2+ Kc3 84. Qe5+ Kd2 85. Qh2+ Kc3 86. Ke4 1/2-1/2

[Event "Bhubaneswar SOA op 1st"]
[Site "Bhubaneswar"]
[Date "2024.01.28"]
[Round "1"]
[White "Roneet, Das"]
[Black "Panda, Sambit"]
[Result "0-1"]
[WhiteElo "2018"]
[BlackElo "2404"]
[PlyCount "82"]
[EventDate "2024.01.28"]
[EventType "swiss"]
[EventRounds "10"]
[EventCountry "IND"]
[SourceTitle "CB06_2024"]
[SourceDate "2024.02.07"]
[SourceVersion "1"]
[SourceVersionDate "2024.02.07"]
[SourceQuality "1"]

1. d4 Nf6 2. Bf4 d5 3. e3 e6 4. Nd2 c5 5. Ngf3 Nc6 6. c3 cxd4 7. exd4 Nh5 8. Bg3 g6 9. Be2 Bg7 10. Nb3 0-0 11. 0-0 Nxg3 12. hxg3 b6 13. Nc1 f6 14. Bb5 Qd6 15. Re1 Bd7 16. Nd3 a6 17. Ba4 Rae8 18. Nf4 Kh8 19. Bc2 Re7 20. Qd3 a5 21. Rad1 Be8 22. Ne2 Bf7 23. g4 e5 24. dxe5 fxe5 25. Ng3 Qc5 26. Ng5 Bg8 27. Qe2 e4 28. Nh3 Ne5 29. Bb3 b5 30. a3 a4 31. Ba2 Nd3 32. Rf1 Be5 33. Rxd3 exd3 34. Qxd3 Bg7 35. Bb1 d4 36. Ne4 Qc4 37. Nd6 Qxd3 38. Bxd3 dxc3 39. Bxb5 cxb2 40. Bxa4 Ba2 41. Bc2 Rc7 0-1

[Event "Budapest FS08 Nadassy"]
[Site "Budapest"]
[Date "2023.08.07"]
[Round "3.1"]
[White "Ladanyi, Tibor"]
[Black "Roneet, Das"]
[Result "1/2-1/2"]
[WhiteElo "2018"]
[BlackElo "1878"]
[PlyCount "77"]
[EventDate "2023.08.05"]
[EventType "team-tourn"]
[EventRounds "10"]
[EventCountry "HUN"]
[SourceTitle "EXT 2024"]
[Source "ChessBase"]
[SourceDate "2023.10.10"]
[SourceVersion "1"]
[SourceVersionDate "2023.10.10"]
[SourceQuality "1"]
[WhiteTeam "Team Higher Elo"]
[BlackTeam "Team Lower Elo"]
[WhiteTeamCountry "HUN"]
[BlackTeamCountry "HUN"]

1. d4 Nf6 2. c4 c5 3. d5 b5 4. cxb5 a6 5. b6 Qxb6 6. Nc3 d6 7. Nf3 g6 8. Nd2 Bg7 9. e4 0-0 10. Be2 Bd7 11. a4 Ne8 12. Nc4 Qb7 13. Bg5 Ra7 14. Qd2 Bc8 15. 0-0 f5 16. f3 Qc7 17. a5 Rb7 18. Na4 Rb4 19. Nab6 Nf6 20. Bd3 fxe4 21. fxe4 Bb7 22. Qe2 Nbd7 23. Bd2 Rb5 24. Bc3 Re8 25. Na3 Rxb6 26. axb6 Qxb6 27. Nc4 Qc7 28. Na5 Ba8 29. Bxa6 e6 30. dxe6 Rxe6 31. Qc4 d5 32. exd5 Bxd5 33. Qd3 Be4 34. Qc4 Bd5 35. Qd3 Be4 36. Qc4 Bd5 37. Qd3 Be4 38. Qc4 Bd5 39. Qd3 1/2-1/2